[Event "BCF-chT 9394 (4NCL) 1st"]
[Site "England"]
[Date "1993.10.02"]
[Round "1.1"]
[White "Chandler, Murray G"]
[Black "Burgess, Graham"]
[Result "1-0"]
[WhiteElo "2565"]
[BlackElo "2300"]
[PlyCount "81"]
[EventDate "1993.10.02"]
[EventType "team-tourn"]
[EventRounds "10"]
[EventCountry "ENG"]
[SourceTitle "EXT 2019"]
[Source "ChessBase"]
[SourceDate "2018.10.10"]
[SourceVersion "1"]
[SourceVersionDate "2018.10.10"]
[SourceQuality "1"]
[WhiteTeam "London Barbican"]
[BlackTeam "Bristol"]
[WhiteTeamCountry "ENG"]
[BlackTeamCountry "ENG"]

1. e4 Nf6 2. e5 Nd5 3. d4 d6 4. Nf3 Bg4 5. Be2 c6 6. 0-0 Bxf3 7. Bxf3 dxe5 8. dxe5 e6 9. Nd2 Nd7 10. Re1 Qc7 11. Qe2 Nf4 12. Qe4 Ng6 13. Nc4 Be7 14. Bd2 0-0 15. Rad1 Rad8 16. Ba5 b6 17. Bc3 Nh4 18. Bg4 Nc5 19. Qe2 Na4 20. Bd2 Rd4 21. Bc1 Rfd8 22. Rxd4 Rxd4 23. g3 Ng6 24. f4 b5 25. Ne3 Bc5 26. Kh1 Ne7 27. Bf3 Nb6 28. c3 Rd7 29. Be4 Bxe3 30. Bxe3 Nc4 31. Bc1 Qd8 32. Bc2 Nd5 33. Qf3 g6 34. b3 Ncb6 35. Ba3 a5 36. Bc5 b4 37. c4 Nc3 38. Qxc6 Rd2 39. Bxb6 Qf8 40. Be4 Qh6 41. Bg2 1-0

[Event "Aarhus"]
[Site "Aarhus"]
[Date "1992.??.??"]
[Round "7"]
[White "Berg, Klaus"]
[Black "Burgess, Graham"]
[Result "1-0"]
[WhiteElo "2385"]
[BlackElo "2270"]
[PlyCount "83"]
[EventDate "1992.??.??"]
[EventType "tourn"]
[EventRounds "9"]
[EventCountry "DEN"]
[EventCategory "3"]
[SourceTitle "EXT 1998"]
[Source "ChessBase"]
[SourceDate "1997.11.17"]
[SourceVersion "1"]
[SourceVersionDate "1997.11.17"]
[SourceQuality "1"]

1. c4 g6 2. d4 Nf6 3. Nc3 Bg7 4. e4 d6 5. f3 0-0 6. Be3 c5 7. Nge2 Nc6 8. Qd2 e6 9. d5 Ne5 10. Ng3 exd5 11. cxd5 h5 12. Be2 a6 13. 0-0 Nh7 14. f4 Ng4 15. Bxg4 Bxg4 16. h3 Bd7 17. e5 dxe5 18. Bxc5 Re8 19. f5 Qg5 20. Qf2 Qf4 21. Qe1 Qc4 22. Qe3 e4 23. Rad1 h4 24. fxg6 fxg6 25. Nge2 Rac8 26. Bd4 b5 27. Bxg7 Kxg7 28. Rd4 Qc5 29. b4 Qd6 30. Rxe4 Rxe4 31. Qxe4 Rc4 32. Qf3 Bf5 33. a3 Ng5 34. Qe3 Ne4 35. Nxe4 Rxe4 36. Qa7+ Re7 37. Qd4+ Kg8 38. Nf4 Re4 39. Qc5 Qe5 40. Qf2 Rc4 41. Qxh4 Qe3+ 42. Kh2 1-0

[Event "Aarhus"]
[Site "Aarhus"]
[Date "1992.??.??"]
[Round "1"]
[White "Burgess, Graham"]
[Black "Alkaersig, Ole"]
[Result "1-0"]
[WhiteElo "2270"]
[BlackElo "2260"]
[PlyCount "63"]
[EventDate "1992.??.??"]
[EventType "tourn"]
[EventRounds "9"]
[EventCountry "DEN"]
[EventCategory "3"]
[SourceTitle "EXT 1998"]
[Source "ChessBase"]
[SourceDate "1997.11.17"]
[SourceVersion "1"]
[SourceVersionDate "1997.11.17"]
[SourceQuality "1"]

1. d4 f5 2. Bg5 h6 3. Bf4 Nf6 4. Nc3 d5 5. e3 e6 6. Bd3 Bb4 7. Nge2 0-0 8. 0-0 g5 9. Be5 Nbd7 10. f4 Rf7 11. h3 c5 12. g4 c4 13. gxf5 Nxe5 14. dxe5 Qb6 15. Nd4 Bxc3 16. bxc3 cxd3 17. fxe6 Bxe6 18. f5 Ne4 19. fxe6 Rxf1+ 20. Qxf1 Rf8 21. Qxd3 Qc7 22. Rf1 Rxf1+ 23. Qxf1 Qxe5 24. Qf7+ Kh8 25. Nf5 Qxc3 26. Qf8+ Kh7 27. Qxh6+ Kg8 28. Qg6+ Kh8 29. Qe8+ Kh7 30. Qf7+ Kh8 31. Qh5+ Kg8 32. Ne7+ 1-0

[Event "Biel MTO op"]
[Site "Biel"]
[Date "1992.??.??"]
[Round "10"]
[White "Burgess, Graham"]
[Black "Kuczynski, Robert"]
[Result "0-1"]
[WhiteElo "2270"]
[BlackElo "2525"]
[PlyCount "70"]
[EventDate "1992.07.??"]
[EventType "swiss"]
[EventRounds "11"]
[EventCountry "SUI"]
[SourceTitle "CBM 031 Extra"]
[Source "ChessBase"]
[SourceDate "1993.01.01"]
[SourceVersion "1"]
[SourceVersionDate "1993.01.01"]
[SourceQuality "1"]

1. d4 d5 2. Nf3 c6 3. c4 Nf6 4. Nc3 e6 5. Bg5 h6 6. Bh4 dxc4 7. e4 g5 8. Bg3 b5 9. e5 Nh5 10. Be2 Bb7 11. 0-0 Ng7 12. Ne4 Nd7 13. Nfd2 Nf5 14. Bh5 Qb6 15. Nf3 Be7 16. Nd6+ Bxd6 17. exd6 Rf8 18. Re1 0-0-0 19. Ne5 Nxd6 20. Ng6 fxg6 21. Bxd6 gxh5 22. Bxf8 Nxf8 23. Qxh5 c5 24. dxc5 Qc6 25. f3 Qxc5+ 26. Kh1 Qf5 27. Rad1 Bd5 28. Qxh6 Nd7 29. Qg7 Qf6 30. Qxf6 Nxf6 31. h3 Kd7 32. Kg1 Kd6 33. Kf2 Nd7 34. Rd2 Ne5 35. Rh1 Rh8 0-1